<?xml version="1.0" encoding="UTF-8"?>
<marc:record xmlns:marc="http://www.loc.gov/MARC21/slim">
   <marc:leader>00000nam a2200000 a 4500</marc:leader>
   <marc:datafield ind1="1" ind2=" " tag="100">
      <marc:subfield code="a">Stromberg, Holger</marc:subfield>
      <marc:subfield code="4">aut</marc:subfield>
      <marc:subfield code="e">Verfasser/-in</marc:subfield>
   </marc:datafield>
   <marc:datafield ind1=" " ind2=" " tag="653">
      <marc:subfield code="a">gesunde Ernährung</marc:subfield>
   </marc:datafield>
   <marc:datafield ind1=" " ind2=" " tag="653">
      <marc:subfield code="a">Nachhaltig Leben</marc:subfield>
   </marc:datafield>
   <marc:datafield ind1=" " ind2=" " tag="653">
      <marc:subfield code="a">Kochen</marc:subfield>
   </marc:datafield>
   <marc:datafield ind1="0" ind2="0" tag="245">
      <marc:subfield code="a">Essen ändert alles</marc:subfield>
   </marc:datafield>
   <marc:datafield ind1="0" ind2="0" tag="245">
      <marc:subfield code="b">das Rezept für ein gesundes, nachhaltiges Leben</marc:subfield>
   </marc:datafield>
   <marc:datafield ind1=" " ind2="1" tag="264">
      <marc:subfield code="a">München</marc:subfield>
      <marc:subfield code="b">Südwest</marc:subfield>
      <marc:subfield code="c">2020</marc:subfield>
   </marc:datafield>
   <marc:datafield ind1="1" ind2=" " tag="520">
      <marc:subfield code="a">Nichts Neues; aber durchaus lesenswert.&#xD;
Ein gesundes, nachhaltiges Leben mit dem Blick auf Achtsamkeit und Umweltbewußtsein.&#xD;
Holger Stromberg schließt sich mit diesem Buch der aktuellen Trendwende im aktuellen Ernährungsbewußtsein an.&#xD;
Inhaltlich schön gegliedert und bebildert werden querbeet alle wichtigen Themenbereiche dieses Komplexes kurz umrissen. Wer auf neue Rezeptideen hofft, der ist hier leider falsch. Es sind zwar einige Rezepte enthalten; jedoch gibt es bereits weit bessere Kochbücher in dieser Richtung. Aber für den Einstieg durchaus ausreichend und anregend.</marc:subfield>
   </marc:datafield>
   <marc:datafield ind1=" " ind2=" " tag="020">
      <marc:subfield code="a">9783517770789</marc:subfield>
      <marc:subfield code="9">9783517770789</marc:subfield>
   </marc:datafield>
</marc:record>
